| 000 | 00738nas a2200241 4500 | ||
|---|---|---|---|
| 001 | BR9902809 | ||
| 003 | BR-BrBNA | ||
| 005 | 20231205101430.0 | ||
| 007 | ta | ||
| 008 | 230509b bl.|||p| |||| 00| 00por d | ||
| 040 |
_aBR-BrBNA _bpor _cBiblioteca Nacional de Agricultura |
||
| 041 | _a(En) | ||
| 072 | _aH10 | ||
| 100 | 1 | _aUramoto, K. | |
| 100 | 1 | _aZucchi, R.A. | |
| 245 | 1 | _aNew species in the genus Anastrepha (Diptera: Tephritidae)from Brazil | |
| 650 | _aMosca das Frutas | ||
| 650 | _aArmadilha | ||
| 650 | _aRio Grande do Sul | ||
| 773 | 0 |
_tAnais da Sociedade Entomologica do Brasil (Brazil) _xISSN 0301-8059 _g(Mar 1999), v. 28(1) p. 85-89 _wBR9902809 |
|
| 909 |
_a202311 _bLúcia _c55 _dLúcia Elande |
||
| 942 |
_2AGRIS _n0 _cANA |
||
| 999 |
_c161804 _d161804 |
||